| 000 | 00607 a2200169 4500 | ||
|---|---|---|---|
| 003 | NUST | ||
| 005 | 20221229171221.0 | ||
| 040 | _cNust | ||
| 082 | _a356.1,ROM | ||
| 100 |
_aRommel, Erwin _938506 |
||
| 245 |
_aInfantry attacks / _cErwin Rommel |
||
| 260 |
_aWashington _bUnited states _c1944 |
||
| 300 | _a265 p.; | ||
| 505 | _aPart-1: The War of Movement Belgium and Northern France ,1914 (Page-1), Part-2: trench Warfare in the Argonne and High Vosges (Page-51), Part-3: Open Warfare in Rumania and the Carpathians ,1917(Page-82). | ||
| 650 |
_aInfantry attacks _9106436 |
||
| 942 |
_2ddc _cBK _k356.1,ROM |
||
| 999 |
_c185598 _d185598 |
||